000 00656nam a2200253Ia 4500
005 20260306153558.0
008 008 260114s9999 xx 000 0 eng d
020 _a9781009495219
037 _aEBOOK
040 _aCRL
040 _beng
040 _cCRL
041 _2eng
041 _aeng
084 _qCRL
100 _aMarkoff/Lazar/Case/Burridge
_91125774
245 4 _aThe Anarchist Turn in Twenty-First Century Leftwing Activism 1st ed
260 _bCambridge University Press
260 _c2024
650 _aPolitical Science
856 _uhttps://doi.org/10.1017/9781009495219
942 _cEBOOK
999 _c1704039
_d1704039